Countries That Don't Border Any of the 5 Biggest Countries - Statistics

General Stats
  • This quiz has been taken 890 times
    663 since last reset
  • The average score is 74 of 93
Answer Stats
Continent Answer % Correct
North America Dominican Republic
94%
North America Haiti
94%
North America Dominica
93%
North America St Lucia
93%
North America Antigua and Barbuda
92%
North America Bahamas
92%
North America Barbados
92%
Europe Ireland
92%
North America St Kitts and Nevis
92%
Oceania Tuvalu
92%
North America Cuba
91%
North America Jamaica
91%
Oceania Nauru
91%
Oceania Palau
91%
Oceania Marshall Islands
90%
North America St Vincent and the Grenadines
90%
Oceania Tonga
90%
North America Trinidad and Tobago
90%
Oceania Vanuatu
90%
Oceania Samoa
89%
Europe United Kingdom
89%
Europe Croatia
88%
Europe Greece
88%
Europe Malta
88%
Oceania Micronesia
88%
Europe Slovenia
88%
Europe Vatican City
88%
North America Grenada
87%
Europe Serbia
87%
Europe Albania
86%
Europe Bosnia and Herzegovina
86%
Europe Iceland
86%
Oceania Kiribati
86%
Europe Kosovo
86%
Europe Montenegro
86%
Europe San Marino
86%
Europe Denmark
85%
Europe Liechtenstein
85%
Europe North Macedonia
85%
Europe Bulgaria
84%
Asia Israel
83%
Asia Cyprus
82%
Europe Czech Republic
81%
Asia Japan
81%
Africa Lesotho
81%
Europe Austria
80%
Africa Seychelles
80%
Asia South Korea
80%
Africa Togo
80%
Asia Armenia
79%
Africa Benin
79%
Africa Eswatini
79%
Africa Gambia
78%
Asia Lebanon
78%
Africa Mauritius
78%
Asia Brunei
77%
Africa Comoros
77%
Africa Guinea
77%
Africa Cape Verde
76%
Asia Maldives
76%
Africa São Tomé and Príncipe
76%
Asia Singapore
76%
Asia Sri Lanka
76%
Asia Taiwan
76%
Asia Cambodia
75%
Africa Madagascar
75%
Europe Netherlands
75%
Asia Bahrain
74%
Africa Guinea Bissau
74%
Africa Djibouti
73%
Asia Syria
72%
Asia East Timor
71%
Africa Equatorial Guinea
71%
Africa Ghana
71%
Asia Malaysia
71%
Asia Philippines
71%
Africa Senegal
71%
Africa Liberia
69%
Africa Zimbabwe
69%
Africa Ivory Coast
68%
Africa Malawi
68%
Asia Thailand
68%
Africa Botswana
67%
Africa Sierra Leone
67%
Africa Kenya
66%
Africa Somalia
66%
Asia Turkey
66%
Africa Gabon
65%
Asia Iran
64%
Africa Namibia
64%
Africa Burkina Faso
63%
Africa Mozambique
63%
Africa South Africa
62%
No matching quizzes found
Score Distribution
Percent of People with Each Score
Percentile by Number Answered
Your Score History
You have not taken this quiz since the last reset